000
00295nam a2200109Ia 4500
008
220204s9999 xx 000 0 und d
082
_a
929(038)
_b
SEN
100
_a
Sen, S P
245
0
_a
Dictionary of national biography. 4 V
260
_a
Calcutta
_b
Inst of Historical Studies
_c
1974
942
_c
BK
999
_c
23128
_d
23128